01211nam a2200349 i 450000100060000000300080000600500170001400600190003100700150005000800410006502000270010603500230013303500240015603500250018003500220020504000310022705000220025808000070028008200120028724500650029926400390036430000450040333600310044833700330047933800430051258801240055565000240067965000340070365500270073770000350076485600620079945647FlNmELB20241216231721.0m o d | cr cnu||||||||180610s2018 ag o 000 0 spa d a9781512949988 (e-book) a(MiAaPQ)EBC5349944 a(Au-PeEL)EBL5349944 a(CaPaEBR)ebr11545921 a(OCoLC)1105465419 aFINmELBbspaerdacFINmELB 4aTA403bM4255 2018 a690 a69122300aMateriales de construcción /cJorge Marulanda, compilador. 1aCórdoba :bEl Cid Editor,c2018. a1 recurso en línea (ii, 226 páginas) atextobtxt2rdacontent/spa acomputadorabc2rdamedia/spa arecurso en líneabcr2rdacarrier/spa aDescripción basada en recurso en línea; Título de la página del título en PDF (e-libro, visto July 10, 2018). 0aBuilding materials. 4aMateriales de construcción. 4aLibros electrónicos.1 aMarulanda, Jorge,ecompilador.40uhttps://elibro.net/ereader/politecnicointernacional/36726